Catalog

Record Details

Catalog Search



Trestní zákoník I : komentář. § 1-139  Cover Image Book Book

Trestní zákoník I : komentář. § 1-139 / Pavel Šámal a kolektiv

Šámal, Pavel, 1953- (Commentator for written text). Česko. Trestní zákoník (2009) (Added Author).

Record details

  • ISBN: 978-80-7400-109-3
  • Physical Description: xvi, 1287 s. ; 25 cm
  • Edition: Vyd. 1.
  • Publisher: Praha : C.H. Beck, 2009

Content descriptions

Bibliography, etc. Note:
Obsahuje bibliografické odkazy a rejstřík
Subject: trestní právo > Česko
criminal law > Czechia
Genre: zákony
komentáře
laws
commentaries

Available copies

  • 1 of 1 copy available at Common Catalog SPOK.

Holds

  • 0 current holds with 1 total copy.
Show Only Available Copies
Location Call Number / Copy Notes Barcode Shelving Location Status Due Date
Jabok Library Soc-7.6 424480023821 Odborná literatura Available -

LDR 01438cam a2200445 a 4500
00113503
003CZ-PrJAB
00520151118105527.0
007ta
008100119s2009 xr e 001 0 cze d
020 . ‡a978-80-7400-109-3 ‡q(váz.)
035 . ‡a(CZ PrSKC)000432658
040 . ‡aABA001 ‡bcze ‡dOLA001 ‡dKVG001
043 . ‡ae-xr---
072 7. ‡a343 ‡xTrestní právo ‡2Konspekt ‡916
080 . ‡a343 ‡2MRF
080 . ‡a(437.3) ‡2MRF
080 . ‡a(094.5) ‡2MRF
080 . ‡a(0.072) ‡2MRF
1001 . ‡aŠámal, Pavel, ‡d1953- ‡7jn20000620354 ‡4cwt
24510. ‡aTrestní zákoník I : ‡bkomentář. ‡p§ 1-139 / ‡cPavel Šámal a kolektiv
250 . ‡aVyd. 1.
260 . ‡aPraha : ‡bC.H. Beck, ‡c2009
300 . ‡axvi, 1287 s. ; ‡c25 cm
4901 . ‡aVelké komentáře
504 . ‡aObsahuje bibliografické odkazy a rejstřík
65007. ‡atrestní právo ‡7ph116481 ‡zČesko ‡2czenas
65009. ‡acriminal law ‡zCzechia ‡2eczenas
6530 . ‡aprávo ‡atrestní ‡azákoníky ‡azákony
655 7. ‡azákony ‡7fd133886 ‡2czenas
655 7. ‡akomentáře ‡7fd132578 ‡2czenas
655 9. ‡alaws ‡2eczenas
655 9. ‡acommentaries ‡2eczenas
71012. ‡aČesko. ‡tTrestní zákoník (2009) ‡7kon2009514191
830 0. ‡aVelké komentáře
910 . ‡aABG312
901 . ‡a13503 ‡bUnknown ‡c13503 ‡tbiblio

Additional Resources